Suma teológica. (Record no. 170690)

MARC details
000 -LEADER
campo de control de longitud fija 01395nam a2200301 i 4500
001 - NÚMERO DE CONTROL
campo de control 170690
003 - IDENTIFICADOR DE NÚMERO DE CONTROL
campo de control ES-MaACL
005 - FECHA Y HORA DE LA ÚLTIMA TRANSACCIÓN
campo de control 20250808062736.0
008 - DATOS DE LONGITUD FIJA--INFORMACIÓN GENERAL
campo de control de longitud fija 090331s1953 sp |||| | spa d
100 0# - ENTRADA PRINCIPAL--NOMBRE DE PERSONA
Nombre de persona Tomás de Aquino,
Títulos y otros términos asociados al nombre Santo
9 (RLIN) 110514
240 10 - TÍTULO UNIFORME
Título uniforme Summa theologica.
Lenguaje de la obra Español-Latín
245 10 - MENCIÓN DEL TÍTULO
Título Suma teológica.
Número de parte o sección de la obra T. II /
Mención de responsabilidad, etc. de Santo Tomás de Aquino ; texto latino de la edición crítica Leonina ; traducción y anotaciones por una comisión de PP. Dominicos presidida por Francisco Barbado Viejo ; introducción general por Santiago Ramírez.
260 ## - PUBLICACIÓN, DISTRIBUCIÓN, ETC.
Lugar de publicación, distribución, etc. Madrid :
Nombre del editor, distribuidor, etc. [La Editorial Católica],
Fecha de publicación, distribución, etc. 1953.
300 ## - DESCRIPCIÓN FÍSICA
Extensión XX, 594 p. ;
Dimensiones 20 cm.
490 1# - MENCIÓN DE SERIE
Mención de serie Biblioteca de autores cristianos ;
Designación de volumen o secuencia 41
505 8# - NOTA DE CONTENIDO CON FORMATO
Nota de contenido con formato Contiene : Tratado de la Santísima Trinidad / traducción de Raimundo Suárez ; introducciones de Manuel Cuervo. Tratado de la creación en general / traducción e introducciones de Jesús Valbuena
546 ## - NOTA DE IDIOMA
Nota de lengua/lenguaje Texto en latín y castellano.
700 1# - ENTRADA AGREGADA--NOMBRE PERSONAL
Nombre de persona Barbado Viejo, Francisco,
Títulos y otros términos asociados al nombre Obispo de Salamanca.
9 (RLIN) 139678
700 0# - ENTRADA AGREGADA--NOMBRE PERSONAL
Nombre de persona Ramírez, Santiago.
9 (RLIN) 95112
700 1# - ENTRADA AGREGADA--NOMBRE PERSONAL
Nombre de persona Suárez, Raimundo.
9 (RLIN) 139707
700 0# - ENTRADA AGREGADA--NOMBRE PERSONAL
Nombre de persona Cuervo, Manuel.
9 (RLIN) 42019
700 1# - ENTRADA AGREGADA--NOMBRE PERSONAL
Nombre de persona Valbuena, Jesús.
9 (RLIN) 139709
830 00 - PUNTO DE ACCESO ADICIONAL DE SERIE-TÍTULO UNIFORME
Título uniforme Biblioteca de autores cristianos
Designación de volumen o secuencia 41
9 (RLIN) 178679
852 ## - LOCALIZACIÓN
Ubicación ES-MaACL
Número de control de estantería J-40
itemnumber 46092
852 ## - LOCALIZACIÓN
Ubicación ES-MaACL
Número de control de estantería P-1012-Bis-2
Holdings
Estatus retirado Estado de pérdida Estado de daño No para préstamo Biblioteca de origen Biblioteca actual Ubicación en estantería Fecha de adquisición Fuente de adquisición Total de préstamos Signatura topográfica completa Código de barras Visto por última vez Precio de reemplazo Tipo de ítem Koha
        Biblioteca del Ateneo de Madrid Biblioteca del Ateneo de Madrid Depósito 2 17/10/2019     P-1012-Bis-2 1201207 23/02/2023 23/02/2023 Libro impreso
        Biblioteca del Ateneo de Madrid Biblioteca del Ateneo de Madrid Depósito 2 31/03/2009     J-40 1179130 23/02/2023 23/02/2023 Libro impreso